Diabetes mellitus

Sparad:
Bibliografiska uppgifter
Materialtyp: Bok
Språk:Undetermined
Publicerad: Indiana Lilly REsearch Laboratories 1980
Ämnen:
Taggar: Lägg till en tagg
Inga taggar, Lägg till första taggen!
Thư viện lưu trữ: Trung tâm Học liệu Trường Đại học Cần Thơ
LEADER 00453nam a2200157Ia 4500
001 CTU_32246
008 210402s9999 xx 000 0 und d
082 |a 616.462 
082 |b D536 
245 0 |a Diabetes mellitus 
260 |a Indiana 
260 |b Lilly REsearch Laboratories 
260 |c 1980 
650 |a diabetes,diabetes - complications 
904 |i Nguyễn Quang Điền, 990728 
980 |a Trung tâm Học liệu Trường Đại học Cần Thơ